000 00781nam a2200253Ia 4500
003 OSt
005 20220923225545.0
006 a|||||r|||| 00| 0
007 ta
008 Pun
020 _c150
024 _a271,225
037 _b671, 03/06/2013, H.K. Prakashan
_cTextual
040 _aARTS
_cARTS
_bPun
041 _2Pun
_aPun
082 _aO153,3NKAx, Q2
100 _aਪਰਮਬੀਰ ਕੌਰ
_9156278
245 0 _aਗ਼ਿੰਦਗੀ ਦੀ ਸਜ ਧਜ
260 _aਲੁਧਿਆਣਾ
_b ਲਾਹੌਰ ੁਬੁੱਕਸ
_c2012
300 _a152ਪੰ
_ccm.
650 _aਪੰਜਾਬੀ ਸਾਹਿਤ
942 _hO153,3NKAx, Q2
_cTEXL
_2CC
999 _c379094
_d379094